Central Library OPAC University of Rajshahi
Normal view MARC view

Entry Personal Name

Number of records used in: 2

001 - CONTROL NUMBER

  • control field: 982

003 - CONTROL NUMBER IDENTIFIER

  • control field: BD-RjUL

005 - DATE AND TIME OF LATEST TRANSACTION

  • control field: 20220130120212.0

008 - FIXED-LENGTH DATA ELEMENTS

  • fixed length control field: 220130|| aca||aabn | a|a d

040 ## - CATALOGING SOURCE

  • Original cataloging agency: BD-RjUL
  • Transcribing agency: BD-RjUL

100 ## - HEADING--PERSONAL NAME

  • Personal name: Thackston, W. M.
  • Fuller form of name: (Wheeler McIntosh),
  • Dates associated with a name: 1944-

670 ## - SOURCE DATA FOUND

  • Source citation: Work cat.: (BD-RjUL)79277: Thackston, W. M. (Wheeler McIntosh), 1944-, An introduction to Persian =, 1978.